Normal view
MARC view
- Supervisor Dr. Usman Akram Dr. Sajid Gul Khawaja Lec Anum Abdul Salam
Entry Corporate Name
001 - CONTROL NUMBER
- control field: 119541
003 - CONTROL NUMBER IDENTIFIER
- control field: NUST
005 - DATE AND TIME OF LATEST TRANSACTION
- control field: 20231207162458.0
008 - FIXED-LENGTH DATA ELEMENTS
- fixed length control field: 231207|| aca||aabn | a|a d
040 ## - CATALOGING SOURCE
- Original cataloging agency: NUST
- Transcribing agency: NUST
110 ## - HEADING--CORPORATE NAME
- Corporate name or jurisdiction name as entry element: Supervisor Dr. Usman Akram Dr. Sajid Gul Khawaja Lec Anum Abdul Salam
670 ## - SOURCE DATA FOUND
- Source citation: Work cat.: (NUST): Irtaza Sajid Qureshi Nasika Ijaz Ahmed Imtiaz Khan Hamza Hanif Mir 119540, PR-SOF-2223-Vision Transformers & Deep Learning Based Cloud Application for Cheat X-Rays, 2023.
